书目信息 |
| 题名: |
写给大家的人类简史
|
|
| 作者: | 房龙 著 ;杨艳丽 译 | |
| 分册: | ||
| 出版信息: | 天津 天津人民出版社 2019 |
|
| 页数: | 373页 | |
| 开本: | 21cm | |
| 丛书名: | ||
| 单 册: | ||
| 中图分类: | K02-49 | |
| 科图分类: | ||
| 主题词: | 社会发展史--通俗读物 | |
| 电子资源: | ||
| ISBN: | 978-7-201-14537-2 | |
| 000 | 00948nam0 2200253 450 | |
| 001 | 012001009121 | |
| 005 | 20140101112637.0 | |
| 010 | @a978-7-201-14537-2@b精装@dCNY69.00 | |
| 100 | @a20190709d2019 em y0chiy50 ea | |
| 101 | 1 | @achi@ceng |
| 102 | @aCN@b120000 | |
| 105 | @ay z 000yy | |
| 106 | @ar | |
| 200 | 1 | @a写给大家的人类简史@9xie gei da jia de ren lei jian shi@b专著@dThe story of mankind@f(美)亨德里克·威廉·房龙著@g杨艳丽译@zeng |
| 210 | @a天津@c天津人民出版社@d2019 | |
| 215 | @a373页@d21cm | |
| 330 | @a本书从人类起源写到近代社会,以人为中心,书写人的历史,涵盖政治、宗教、科学、商业、艺术等领域,论述鞭辟入里,概括出人类社会的发展史。 | |
| 510 | 1 | @aStory of mankind@zeng |
| 606 | 0 | @a社会发展史@j通俗读物 |
| 690 | @aK02-49@v5 | |
| 701 | 0 | @c(美)@a房龙@9fang long@c(Van Loon, Hendrik Willem@f1882-1944)@4著 |
| 702 | 0 | @a杨艳丽@9yang yan li@4译 |
| 801 | 2 | @aCN@b上海新华@c20191020 |
| 905 | @b1187096-9@dK02-49@e142@f4 | |
| 写给大家的人类简史=The story of mankind/(美)亨德里克·威廉·房龙著/杨艳丽译.-天津:天津人民出版社,2019 |
| 373页;21cm |
| ISBN 978-7-201-14537-2(精装):CNY69.00 |
| 本书从人类起源写到近代社会,以人为中心,书写人的历史,涵盖政治、宗教、科学、商业、艺术等领域,论述鞭辟入里,概括出人类社会的发展史。 |
| ● |
| 相关链接 |
|
|
|
|
正题名:写给大家的人类简史
索取号:K02-49/142
 
预约/预借
| 序号 | 登录号 | 条形码 | 馆藏地/架位号 | 状态 | 备注 |
| 1 | 1187096 | 211870965 | 第二样本阅览室/ [索取号:K02-49/142] | 在馆 | |
| 2 | 1187097 | 211870974 | 第二借阅区/ [索取号:K02-49/142] | 在馆 | |
| 3 | 1187098 | 211870983 | 第二借阅区/ [索取号:K02-49/142] | 在馆 | |
| 4 | 1187099 | 211870992 | 第二借阅区/ [索取号:K02-49/142] |
已借出,限还日期为2025.04.28 借出人:王政博 |